Enci, benci, na kamenci- tradičné detské hry Nitrianskeho kraja

Bibliographic Details
Main Authors: Krausová, Agáta, 1964- (Author), Jágerová, Margita, 1974- (Author), Foglová, Lucia (Author), Kollárová, Dana, 1969- (Author), Bužeková, Tatiana, 1963- (Author), Konečná, Lenka (Author)
Other Authors: Mahútová, Mária (Photographer)
Format: Book
Language:Slovak
PhysicalDescription:252 strán fotografie, ilustrácie, noty 26 cm
Published: Nitra Krajské osvetové stredisko v Nitre 2019
ISBN:9788021601529
Edition:2. vydanie
Subjects:

MARC

LEADER 00000cam a2200000 4500
001 vtls011990686
003 SK-MaSNL
005 20260302061221.0
008 220509s2019 xo oga grn 001 0 slo
015 |a SNBA2021/03 
020 |a 9788021601529  |q (brožované) 
035 |a urn:nbn:sk:snk-am00gg7b 
035 |a urn:nbn:sk:snk-am3j6lb 
035 |a 806E3623-DF3A-4BA5-9432-C86CDAD5F6B9 
040 |a SNK  |b slo  |c SNK  |e rda 
041 0 |a slo 
043 |a e-xo--- 
044 |a xo  |c SK 
072 7 |a 398  |x Folklór  |2 konspekt 
080 |a 796.11  |2 2011 
080 |a 398-053.2  |2 2011 
080 |a 796.2  |2 2011 
080 |a 793.31(437.6)  |2 2011 
080 |a (437.614)  |2 2011 
080 |a (048.8:082)  |2 2011 
100 1 |a Krausová, Agáta,  |d 1964-  |4 aut  |9 215074 
245 1 0 |a Enci, benci, na kamenci-  |b tradičné detské hry Nitrianskeho kraja  |c Agáta Krausová a kolektív autorov 
250 |a 2. vydanie 
264 1 |a Nitra  |b Krajské osvetové stredisko v Nitre  |c 2019 
300 |a 252 strán  |b fotografie, ilustrácie, noty  |c 26 cm 
336 |a text  |b txt  |2 rdacontent 
336 |a statický obraz  |b sti  |2 rdacontent 
336 |a zápis hudby  |b ntm  |2 rdacontent 
337 |a bez média  |b n  |2 rdamedia 
338 |a zväzok  |b nc  |2 rdacarrier 
366 |e 240 kusov 
504 |a Obsahuje bibliografiu na strane 242-247 ; register na strane 230-239 
650 0 7 |a detské hry  |2 SNKPH  |9 3287 
650 0 7 |a detský folklór  |2 SNKPH  |9 69892 
650 0 7 |a pohybové hry  |2 SNKPH  |9 3235 
650 0 7 |a Children's games  |2 SNKPHeng  |9 302604 
650 0 7 |a Children's folklore  |2 SNKPHeng  |9 344802 
650 0 7 |a Games of motion  |2 SNKPHeng  |9 302602 
650 0 7 |a slovenské ľudové tance  |2 SNKPH  |9 67802 
650 0 7 |a Slovak folk dances  |2 SNKPHeng  |9 331103 
651 7 |a Nitriansky kraj (Slovensko)  |2 SNKPHgeo  |9 161510 
651 7 |a Nitra Region (Slovakia)  |2 SNKPHeng  |9 270846 
655 7 |a kolektívne monografie  |2 SNKPH  |9 249850 
655 7 |a Collective monographs  |2 SNKPHeng  |9 125747 
700 1 |a Jágerová, Margita,  |d 1974-  |4 aut  |9 218155 
700 1 |a Foglová, Lucia  |4 aut  |9 427987 
700 1 |a Kollárová, Dana,  |d 1969-  |4 aut  |9 252312 
700 1 |a Bužeková, Tatiana,  |d 1963-  |4 aut  |9 132315 
700 1 |a Konečná, Lenka  |4 aut  |9 480144 
700 1 |a Mahútová, Mária  |4 pht  |9 440593 
919 |a 978-80-216-0152-9 
958 |a NB 
999 |c 1124439  |d 1126369 
952 |a SNK  |b SNK  |y PREZ  |7 0  |p 17A1442659  |o snkSB 95849  |i snk2020/15491  |8 0  |0 0  |1 0  |4 0  |d 2020-09-04  |f 1  |l 0  |r 2025-05-19 00:00:00  |w 2026-02-24 
952 |a SNK  |b SNK  |y VYP  |7 0  |p 17A1442660  |o snkSB 95849 D1  |i snk2020/15492  |8 0  |0 0  |1 0  |4 0  |d 2020-09-04  |l 1  |m 1  |r 2026-04-23 11:06:05  |s 2026-03-17  |w 2026-02-24